|
|
|
|
| LEADER |
00696cam a2200169ua 4500 |
| 020 |
|
|
|a 81-7036-745-X
|
| 082 |
|
|
|a 338.040 917 24
|b ENT
|
| 245 |
0 |
0 |
|a Entrepreneurship and innovation: models of development
|
| 260 |
|
|
|a New Delhi
|b Sage
|c 199
|
| 300 |
|
|
|a 366p.
|
| 500 |
|
|
|a Includes notes to contributors, index.
|
| 650 |
0 |
|
|a Industrial economics
|
| 700 |
|
|
|a Kanungo, Rabindra N
|
| 942 |
|
|
|c BK
|
| 999 |
|
|
|c 3083
|d 3083
|
| 952 |
|
|
|0 0
|1 0
|4 0
|6 338_040000000000000_917_24_ENT
|7 0
|9 3227
|a KUCL
|b KUCL
|d 2014-05-23
|l 0
|o 338.040 917 24 ENT
|p 03059
|r 2014-05-23
|y BK
|
| 952 |
|
|
|0 0
|1 0
|4 0
|6 338_040000000000000_917_24_ENT
|7 0
|9 3228
|a KUCL
|b KUCL
|d 2014-05-23
|l 4
|m 2
|o 338.040 917 24 ENT
|p 06213
|q 2020-10-27
|r 2020-09-24
|s 2020-09-24
|y BK
|